Les anglais passés par l'OM - Statistiques

Statistiques générales
  • Ce quiz a été pris 53 fois
  • Le résultat moyen est 4 sur 8
Statistiques - réponses
Passage Réponse % Correct
2024- Mason Greenwood
86%
2012-2013 Joey Barton
74%
2024- Jonathan Rowe
74%
1989-1992 Chris Waddle
62%
2022- Emra Soglo
42%
1984-1985 Laurie Cunningham
6%
1991-1992 Trevor Steven
6%
1996-1997 Chris Makin
2%
Aucun quiz correspondant
Distribution des résultats
% des personnes avec chaque résultat
Percentile par nombre de réponses
Votre historique - résultats
Vous n’avez pas pris ce quiz